| 000 | 00386nam a22001217a 4500 | ||
|---|---|---|---|
| 082 | _a200 THE | ||
| 100 |
_aTouseef Hayat _970121 |
||
| 245 | _aTH-SOF-1260-Permittivity Sensing and Measurement Using Resonant Perturbation Technique | ||
| 260 |
_aIslamabad _bNUST College of EME _c2016 |
||
| 650 | _aMS-ELECT-79 MSTHESIS | ||
| 700 |
_aSupervisor Dr. Muhammad Naveed _970026 |
||
| 942 | _cCF | ||
| 999 |
_c577155 _d577155 |
||